000 003680000a22001450004500
005 20120302063834.0
942 _cBOOK
100 _a Shriram Sharma
245 _a Kundalini Mahashakti aur uski sansidhi
260 _aMathura:Akhand Jyoti Prakashan,1980.
300 _a121p.
040 _aHin
365 _b3/-
650 _aKundali,Kundalini Sadhana,Gayatri Sadhana
999 _c360605
_d360602